BIBLIOTECA

SENCICO

Irrigación (Registro nro. 2665)

Detalles MARC
000 -LEADER
fixed length control field 00726nam a2200217Ia 4500
005 - DATE AND TIME OF LATEST TRANSACTION
control field 20251020182549.0
008 - FIXED-LENGTH DATA ELEMENTS--GENERAL INFORMATION
fixed length control field 200515s9999 xx 000 0 und d
082 ## - DEWEY DECIMAL CLASSIFICATION NUMBER
Classification number D5.3.05/C1/647
100 ## - MAIN ENTRY--PERSONAL NAME
Personal name ROSELL CALDERON, Cesar Arturo
245 #0 - TITLE STATEMENT
Title Irrigación
260 ## - PUBLICATION, DISTRIBUTION, ETC.
Place of publication, distribution, etc. Lima
260 ## - PUBLICATION, DISTRIBUTION, ETC.
Date of publication, distribution, etc. 1993
300 ## - PHYSICAL DESCRIPTION
Extent 335
520 ## - SUMMARY, ETC.
Summary, etc. Aspectos climáticos para la agricultura, demanda del agua por el cultivo de plantas, almacenamientos, presas, desarenador, canales, conductos a presión, estructuras de medición de caudales, estructuras hidráulicas, estructuras para distribuir agua, estruc
650 ## - SUBJECT ADDED ENTRY--TOPICAL TERM
Topical term or geographic name entry element AGRICULTURA
650 ## - SUBJECT ADDED ENTRY--TOPICAL TERM
Topical term or geographic name entry element CLIMATOLOGIA
650 ## - SUBJECT ADDED ENTRY--TOPICAL TERM
Topical term or geographic name entry element IRRIGACIONES
650 ## - SUBJECT ADDED ENTRY--TOPICAL TERM
Topical term or geographic name entry element LIB
650 ## - SUBJECT ADDED ENTRY--TOPICAL TERM
Topical term or geographic name entry element RIEGO
942 ## - ADDED ENTRY ELEMENTS (KOHA)
Koha item type Libros
Existencias
Fecha de la última vez que lo usaron Pago total Signatura topográfica completa Código de barras Precio efectivo desde Tipo de documento Estado perdido Estado dañado No es para préstamo Retirado Ubicación permanente Ubicación actual Fecha de adquisición
15/05/2020   D5.3.05/C1/647 Bib-Lima15052665 15/05/2020 Libros         Biblioteca Central Lima Biblioteca Central Lima 15/05/2020